Statistics for Cities of Poland

Click here to take the quiz!

General Stats

  • This quiz has been taken 51 times
  • The average score is 11 of 15

Answer Stats

HintAnswer% Correct
#1Warsaw
100%
#2Kraków
100%
#6Gdańsk
94%
#3Łódź
92%
#10Katowice
88%
#4Wrocław
82%
#5Poznań
80%
#9Lublin
65%
#7Szczecin
63%
#8Bydgoszcz
63%
#12Gdynia
63%
#11Białystok
55%
#15Sosnowiec
39%
#13Częstochowa
37%
#14Radom
33%

Score Distribution

Percentile by Number Answered

Percent of People with Each Score

Your Score History

You have not taken this quiz